000 00525nam a2200181 i 4500
001 bg
100 1 _aCHAWLA, Krishan Kumar
245 0 _aComposite materials :
_bscience and engineering /
_cKrishan K. Chawla.
260 _aNew York :
_bSpringer,
_c1987.
490 1 _aMRE Materials Research and Engineering
650 9 _aKompozyty
830 _aMRE Materials Research and Engineering
040 _cBPK
041 _apol
080 _a620.2:669:666.3/.7:678
942 _cKS
008 s pl f |000 0 pol
999 _c28722
_d28722
856 _uhttp://koha.tu.koszalin.pl/cgi-bin/koha/opac-detail.pl?biblionumber=28722
_yKatalog online BPK